[Event "DEM U12 2005"]
[Site "Willingen GER"]
[Date "2005.05.15"]
[Round "2"]
[White "Billing, Alexander"]
[Black "Wapenhans, Martin"]
[Result "1/2-1/2"]
[Termination "normal"]
[Board "23"]
[WhiteElo "1728"]
[BlackElo "1416"]
[PlyCount "57"]
[WhiteFideId "24624420"]
[EventCountry "GER"]
[EventRounds "11"]
[EventType "swiss"]
[EventDate "2005.05.15"]

1. e4 c5 2. Nc3 Nc6 3. g3 g6 4. Bg2 Bg7 5. d3 e6 6. Be3 d6 7. Qd2 Qa5 8. Nge2
Nd4 9. O-O Ne7 10. f4 O-O 11. Rf2 Rb8 12. Nd1 Qxd2 13. Bxd2 Nxc2 14. Rc1 Nb4
15. Bxb4 cxb4 16. Rc2 Nc6 17. Ne3 Nd4 18. Rc4 Nxe2+ 19. Rxe2 a5 20. Rec2 Bd7
21. Rd2 Bb5 22. Rcc2 Bd4 23. Kf2 Rfc8 24. Ke2 Rc6 25. Rxc6 Bxc6 26. Nc4 Bc5 27.
Nxa5 Ra8 28. Nxc6 bxc6 29. d4 1/2-1/2

[Event "DEM U12 2005"]
[Site "Willingen GER"]
[Date "2005.05.15"]
[Round "2"]
[White "Weber, Raphael"]
[Black "Huhnstock, Rico"]
[Result "0-1"]
[Termination "normal"]
[Board "24"]
[WhiteElo "1721"]
[BlackElo "1424"]
[PlyCount "102"]
[WhiteFideId "24644110"]
[BlackFideId "24642932"]
[EventCountry "GER"]
[EventRounds "11"]
[EventType "swiss"]
[EventDate "2005.05.15"]

1. e4 c5 2. Nf3 Nc6 3. d4 cxd4 4. Nxd4 Nf6 5. Nc3 e5 6. Ndb5 d6 7. Bg5 a6 8.
Na3 b5 9. Nd5 Be7 10. Bxf6 Bxf6 11. Nxf6+ Qxf6 12. c3 O-O 13. Bd3 Qg6 14. O-O
Bb7 15. Nc2 Rac8 16. Qe2 Rfd8 17. Rfd1 Ne7 18. f3 Qe6 19. Ne3 g6 20. c4 bxc4
21. Bxc4 d5 22. exd5 Nxd5 23. Qd2 Qb6 24. Bxd5 Bxd5 25. Qf2 Be6 26. b3 f5 27.
Rxd8+ Rxd8 28. Rd1 f4 29. Rxd8+ Qxd8 30. Nf1 Qd6 31. Qd2 Qd4+ 32. Qxd4 exd4 33.
Kf2 Kf7 34. Nd2 Bf5 35. g3 fxg3+ 36. hxg3 Bd3 37. Ne4 Bxe4 38. fxe4 g5 39. g4
Kg6 40. a4 a5 41. e5 h5 42. gxh5+ Kxh5 43. b4 axb4 44. a5 b3 45. a6 b2 46. a7
b1=Q 47. a8=Q Qc2+ 48. Kg1 Kg4 49. Qd8 Qd1+ 50. Kf2 Qd2+ 51. Kg1 Kg3 0-1

[Event "DEM U12 2005"]
[Site "Willingen GER"]
[Date "2005.05.15"]
[Round "2"]
[White "Grünter, Martin"]
[Black "Orhan, Eda"]
[Result "1-0"]
[Termination "normal"]
[Board "26"]
[WhiteElo "1574"]
[BlackElo "1366"]
[PlyCount "85"]
[WhiteFideId "24640352"]
[BlackFideId "24659258"]
[EventCountry "GER"]
[EventRounds "11"]
[EventType "swiss"]
[EventDate "2005.05.15"]

1. e4 d5 2. exd5 Qxd5 3. Nc3 Qa5 4. d4 Bf5 5. Nf3 Nf6 6. Bc4 e6 7. O-O Nbd7 8.
Bd2 c6 9. Re1 Qc7 10. Qe2 Bd6 11. h3 O-O-O 12. Bd3 Bxd3 13. Qxd3 Bf4 14. b4
Bxd2 15. Qxd2 Nb6 16. Ne5 Nfd5 17. b5 f6 18. Nf3 Rhe8 19. a4 Nc4 20. Qd3 Nb2
21. Qd2 Nc4 22. Qe2 Nxc3 23. Qxc4 cxb5 24. Qd3 bxa4 25. Ra3 Nd5 26. Rxa4 Kb8
27. Rea1 a6 28. Rb1 Nb6 29. Rab4 Rd6 30. Qxh7 Ka7 31. c4 Rb8 32. c5 Nd5 33.
cxd6 Qxd6 34. R4b2 Nc3 35. Re1 Qa3 36. Rd2 Re8 37. Qxg7 Nd5 38. Rb1 Re7 39. Qg6
Qc3 40. Rdb2 Qc4 41. h4 Nc3 42. Qxf6 Ne2+ 43. Rxe2 1-0

[Event "DEM U12 2005"]
[Site "Willingen GER"]
[Date "2005.05.15"]
[Round "2"]
[White "Marx, Joschka"]
[Black "Mirke, Roy"]
[Result "1-0"]
[Termination "normal"]
[Board "27"]
[WhiteElo "1419"]
[BlackElo "1549"]
[PlyCount "51"]
[WhiteFideId "24645869"]
[BlackFideId "24647306"]
[EventCountry "GER"]
[EventRounds "11"]
[EventType "swiss"]
[EventDate "2005.05.15"]

1. e4 c5 2. Nf3 e6 3. d4 cxd4 4. Nxd4 a6 5. Bd3 Qc7 6. O-O b5 7. Nc3 Bb7 8. Bd2
Nf6 9. a3 d5 10. exd5 Nxd5 11. Re1 Qc8 12. Qg4 Nc7 13. Re2 Nc6 14. Nxc6 Bxc6
15. Rae1 Bd7 16. Qg3 g6 17. Ne4 Be7 18. Nd6+ Bxd6 19. Qxd6 Qd8 20. Ba5 Rc8 21.
Be4 h5 22. Bb7 h4 23. Bxc8 Qxc8 24. Qxc7 Qa8 25. Rd2 h3 26. Qxd7+ 1-0

[Event "DEM U12 2005"]
[Site "Willingen GER"]
[Date "2005.05.15"]
[Round "2"]
[White "Wild, Katharina"]
[Black "Schäfer, Alexander"]
[Result "0-1"]
[Termination "normal"]
[Board "28"]
[WhiteElo "1294"]
[BlackElo "2035"]
[PlyCount "82"]
[WhiteFideId "24678015"]
[BlackFideId "24615196"]
[EventCountry "GER"]
[EventRounds "11"]
[EventType "swiss"]
[EventDate "2005.05.15"]

1. c4 c6 2. e4 e5 3. Nf3 Qa5 4. Nc3 Nf6 5. a3 Bc5 6. d4 exd4 7. Nxd4 Nxe4 8.
Bd2 Nxd2 9. b4 Bxd4 10. bxa5 Bxc3 11. Rc1 Bxa5 12. Qe2+ Kd8 13. Kd1 Re8 14. Qh5
b6 15. Bd3 Na6 16. Rc2 Nb1 17. Qxf7 Nc5 18. Bxh7 Nc3+ 19. Kc1 Nb3+ 20. Kb2 Nd4
21. Qxg7 Na4+ 22. Kc1 Nxc2 23. Bxc2 Nc5 24. Rd1 Ne6 25. Qf6+ Kc7 26. h4 Rd8 27.
h5 Ba6 28. g4 Bxc4 29. g5 Bd5 30. h6 Rf8 31. Qe5+ d6 32. Qg3 Rf3 33. Qg4 Rf4
34. Qg3 Bf3 35. Rd3 Be4 36. Re3 Bxc2 37. Kxc2 Raf8 38. g6 Rxf2+ 39. Kd3 Rd2+
40. Kc4 b5+ 41. Kb3 Nc5# 0-1

[Event "DEM U12 2005"]
[Site "Willingen GER"]
[Date "2005.05.15"]
[Round "2"]
[White "Hohmann, Louisa"]
[Black "Jussupow, Alexander"]
[Result "0-1"]
[Termination "normal"]
[Board "29"]
[WhiteElo "1301"]
[BlackElo "1943"]
[PlyCount "100"]
[BlackFideId "24613509"]
[EventCountry "GER"]
[EventRounds "11"]
[EventType "swiss"]
[EventDate "2005.05.15"]

1. e4 e5 2. Nf3 Nf6 3. Nxe5 d6 4. Nf3 Nxe4 5. Nc3 Nf6 6. d3 Be7 7. Bf4 O-O 8.
Qd2 Nc6 9. O-O-O a6 10. h4 b5 11. g3 Bb7 12. Bg2 b4 13. Ne4 a5 14. Nxf6+ Bxf6
15. Bg5 a4 16. Qf4 Ne5 17. Bxf6 Qxf6 18. Qxf6 gxf6 19. Ne1 Bxg2 20. Nxg2 Ng4
21. Rhf1 Rae8 22. Nf4 Re5 23. f3 Ne3 24. Rde1 Nxf1 25. Rxf1 Rfe8 26. Kd2 c5 27.
Rf2 Kf8 28. c4 bxc3+ 29. Kxc3 Re1 30. Nd5 Rc1+ 31. Rc2 Rxc2+ 32. Kxc2 Re2+ 33.
Kc3 Rf2 34. Nxf6 Rxf3 35. Nxh7+ Kg7 36. Ng5 Rxg3 37. Ne4 Rg6 38. a3 f5 39. Ng5
Rh6 40. Nf3 Kg6 41. Kc4 f4 42. Kb5 Kf5 43. Kxa4 Kg4 44. Nh2+ Kg3 45. Nf1+ Kf2
46. Nd2 Ke2 47. Ne4 f3 48. Ng3+ Ke1 49. Kb3 f2 50. a4 Rg6 0-1

[Event "DEM U12 2005"]
[Site "Willingen GER"]
[Date "2005.05.15"]
[Round "2"]
[White "Stitterich, Nadine"]
[Black "Kartsev, Alexandr"]
[Result "0-1"]
[Termination "normal"]
[Board "30"]
[WhiteElo "1301"]
[BlackElo "1600"]
[PlyCount "84"]
[WhiteFideId "24676527"]
[BlackFideId "24647110"]
[EventCountry "GER"]
[EventRounds "11"]
[EventType "swiss"]
[EventDate "2005.05.15"]

1. e4 c5 2. Nf3 d6 3. d4 cxd4 4. Nxd4 Nf6 5. Nc3 a6 6. Be2 e5 7. Nf3 Be7 8. O-O
O-O 9. h3 b5 10. Bg5 Nbd7 11. Re1 Bb7 12. Bf1 b4 13. Bxf6 Nxf6 14. Nd5 Nxd5 15.
exd5 Qa5 16. Bc4 Qc5 17. Bb3 a5 18. a4 Bd8 19. Qd2 Bb6 20. Rad1 h6 21. Nh2 Rae8
22. Nf1 f5 23. Qe3 f4 24. Qxc5 Bxc5 25. Nd2 Bb6 26. Nc4 Bc7 27. f3 Kh8 28. Kh1
Ba6 29. Nd2 Rd8 30. Ne4 Bb6 31. h4 Rf5 32. Kh2 Kh7 33. Rh1 Rh5 34. g3 Be2 35.
Rde1 Bxf3 36. Rhf1 Bxe4 37. Rxe4 g5 38. Kh3 fxg3 39. Kxg3 gxh4+ 40. Rxh4 Rxh4
41. Kxh4 Rg8 42. Rf6 Bd8 0-1

[Event "DEM U12 2005"]
[Site "Willingen GER"]
[Date "2005.05.15"]
[Round "2"]
[White "Höfer, Michael"]
[Black "Micklich, Rahel"]
[Result "1-0"]
[Termination "normal"]
[Board "31"]
[WhiteElo "1507"]
[BlackElo "1294"]
[PlyCount "113"]
[WhiteFideId "24668850"]
[BlackFideId "24639184"]
[EventCountry "GER"]
[EventRounds "11"]
[EventType "swiss"]
[EventDate "2005.05.15"]

1. e4 c5 2. Nf3 d6 3. Nc3 e6 4. d4 cxd4 5. Nxd4 a6 6. Be3 Nf6 7. Bd3 Be7 8. O-O
O-O 9. f4 b5 10. Qe2 Bb7 11. e5 dxe5 12. fxe5 Nfd7 13. Bf2 b4 14. Na4 Qa5 15.
b3 Qxe5 16. Qxe5 Nxe5 17. Be2 Nbd7 18. Rad1 Rac8 19. Nb2 Be4 20. Nc4 Nxc4 21.
Bxc4 e5 22. Ne6 fxe6 23. Bxe6+ Kh8 24. Rxd7 Bf6 25. Rf7 Rxf7 26. Bxc8 Rc7 27.
Bxa6 Rxc2 28. Re1 Rxa2 29. Rxe4 Rxa6 30. Bc5 g5 31. Rxb4 h5 32. Rb8+ Kg7 33.
Rb7+ Kg6 34. Ra7 Rxa7 35. Bxa7 Be7 36. Kf2 Kf5 37. Ke3 g4 38. g3 Bg5+ 39. Ke2
Be7 40. Kd3 e4+ 41. Kc4 Bg5 42. b4 Bd2 43. b5 e3 44. Kd3 Ba5 45. Kxe3 Ke5 46.
b6 Bxb6+ 47. Bxb6 Kf5 48. Kd4 Kf6 49. Kd5 Kf5 50. Bd8 Kg6 51. Ke6 Kh7 52. Kf6
Kh6 53. Be7 h4 54. gxh4 Kh5 55. Kf5 Kh6 56. Kxg4 Kg6 57. h5+ 1-0

[Event "DEM U12 2005"]
[Site "Willingen GER"]
[Date "2005.05.15"]
[Round "2"]
[White "Garny, Annica"]
[Black "Hubbuch, Fabian"]
[Result "0-1"]
[Termination "normal"]
[Board "32"]
[WhiteElo "1259"]
[BlackElo "1452"]
[PlyCount "158"]
[WhiteFideId "24600660"]
[EventCountry "GER"]
[EventRounds "11"]
[EventType "swiss"]
[EventDate "2005.05.15"]

1. e4 e5 2. Nf3 Nc6 3. Bc4 Nf6 4. Nc3 Bc5 5. d3 d6 6. Be3 Bxe3 7. fxe3 O-O 8.
Qe2 Ne7 9. h3 c6 10. g4 Ng6 11. O-O-O b5 12. Bb3 a5 13. a3 b4 14. Nb1 bxa3 15.
Nxa3 a4 16. Ba2 Qb6 17. g5 Nh5 18. Rdg1 Rb8 19. b3 Be6 20. Nd2 axb3 21. Bxb3
Ra8 22. Nab1 Bxb3 23. Nxb3 Ra2 24. Qxh5 Qxe3+ 25. N1d2 Rfa8 26. Rd1 Nf4 27.
Rhe1 Qxe1 28. Rxe1 Nxh5 29. Nc4 Rd8 30. Kb1 Raa8 31. Kb2 Nf4 32. h4 Kf8 33. Kc3
Ke7 34. d4 exd4+ 35. Nxd4 Rac8 36. Nb6 Rc7 37. Rf1 Ne6 38. Nf5+ Kf8 39. Nd4
Nxd4 40. Kxd4 Rb7 41. Nc4 Rb4 42. Kd3 d5 43. exd5 cxd5 44. Ne5 Rb7 45. g6 hxg6
46. Nxg6+ Kg8 47. Nf4 Rb4 48. Ke3 Re8+ 49. Kd3 d4 50. Nd5 Ra4 51. Rg1 Kh7 52.
Rg4 Kh6 53. c3 Rd8 54. Rxd4 Rxd4+ 55. Kxd4 Kh5 56. c4 Kxh4 57. c5 g5 58. c6 g4
59. c7 Rc8 60. Kc5 g3 61. Kc6 g2 62. Kd7 Rxc7+ 63. Nxc7 g1=Q 64. Kd6 f5 65. Nd5
Qd4 66. Ke6 f4 67. Nxf4 Qxf4 68. Kd5 Kg5 69. Ke6 Qd4 70. Ke7 Qf6+ 71. Kd7 Qb6
72. Ke7 Qc6 73. Kf7 Qf6+ 74. Ke8 Qg7 75. Kd8 Kf6 76. Kc8 Ke6 77. Kb8 Kd6 78.
Ka8 Kc6 79. Kb8 Qb7# 0-1

[Event "DEM U12 2005"]
[Site "Willingen GER"]
[Date "2005.05.15"]
[Round "2"]
[White "Gheng, Hannelore"]
[Black "Mertens, Fridolin"]
[Result "0-1"]
[Termination "normal"]
[Board "33"]
[WhiteElo "1233"]
[BlackElo "1443"]
[PlyCount "64"]
[BlackFideId "24671940"]
[EventCountry "GER"]
[EventRounds "11"]
[EventType "swiss"]
[EventDate "2005.05.15"]

1. e4 c5 2. Nf3 d6 3. d4 cxd4 4. Nxd4 Nf6 5. Nc3 a6 6. Be2 e5 7. Nf3 Be6 8. O-O
Be7 9. Ng5 O-O 10. Be3 Nbd7 11. Nd5 h6 12. Nxe7+ Qxe7 13. Nxe6 fxe6 14. f3 b5
15. c4 b4 16. b3 a5 17. Rc1 Rac8 18. Qd2 Nc5 19. Rcd1 Rfd8 20. Bd3 d5 21. cxd5
exd5 22. Bxc5 Qxc5+ 23. Kh1 dxe4 24. Rc1 Qd4 25. Rxc8 Rxc8 26. Bc4+ Rxc4 27.
bxc4 Qxd2 28. c5 e3 29. Kg1 e2 30. Rf2 e1=Q+ 31. Rf1 Qdf2+ 32. Kh1 Qfxf1# 0-1

[Event "DEM U12 2005"]
[Site "Willingen GER"]
[Date "2005.05.15"]
[Round "2"]
[White "Weissbeck, Simon"]
[Black "Kazman, Caner"]
[Result "1/2-1/2"]
[Termination "normal"]
[Board "35"]
[WhiteElo "1439"]
[BlackElo "1283"]
[PlyCount "141"]
[WhiteFideId "24646865"]
[BlackFideId "24684953"]
[EventCountry "GER"]
[EventRounds "11"]
[EventType "swiss"]
[EventDate "2005.05.15"]

1. e4 e5 2. Nf3 Nc6 3. Bb5 a6 4. Bxc6 dxc6 5. O-O Bg4 6. h3 h5 7. d3 Qf6 8.
Nbd2 Ne7 9. b3 Ng6 10. Bb2 Bd6 11. d4 O-O-O 12. Qe2 Nf4 13. Qe3 Bxf3 14. Nxf3
Qg6 15. g3 exd4 16. Bxd4 h4 17. Ne5 Nxh3+ 18. Kg2 Bxe5 19. Bxe5 Ng5 20. f4
Qxe4+ 21. Qxe4 Nxe4 22. gxh4 Rxh4 23. Rfe1 Nd6 24. Rad1 f6 25. Bxd6 cxd6 26.
Kg3 Rh5 27. Re7 Rc5 28. c4 g5 29. Re6 Rf5 30. fxg5 Rxg5+ 31. Kf4 Rg2 32. a3 Kc7
33. Kf3 Ra2 34. a4 Rb2 35. Rd3 Rb1 36. Kf2 Rb2+ 37. Kf3 Rh2 38. Rxf6 Rh3+ 39.
Ke2 Re8+ 40. Kd2 Rxd3+ 41. Kxd3 Re7 42. Rf5 Rd7 43. Kd4 b6 44. Rg5 Rf7 45. Ke3
c5 46. Rh5 Rg7 47. Rh3 Rg1 48. Kd3 Rb1 49. Kc2 Re1 50. Kd2 Re6 51. Kd3 Kc6 52.
Rh4 b5 53. cxb5+ axb5 54. axb5+ Kxb5 55. Rf4 d5 56. Rf5 Kc6 57. Rf4 Rd6 58. Ra4
Kb5 59. Rf4 d4 60. Re4 Kb4 61. Re5 Kb5 62. Rf5 Kc6 63. Rf3 Kd7 64. Kc4 Kc6 65.
Rd3 Rd7 66. Rf3 Rd6 67. Rd3 Re6 68. b4 cxb4 69. Rxd4 Re5 70. Kxb4 Rb5+ 71. Kc3
1/2-1/2

[Event "DEM U12 2005"]
[Site "Willingen GER"]
[Date "2005.05.15"]
[Round "2"]
[White "Schwarzat, Julian"]
[Black "Risius, Philipp"]
[Result "1/2-1/2"]
[Termination "normal"]
[Board "36"]
[WhiteElo "1185"]
[BlackElo "1429"]
[PlyCount "70"]
[WhiteFideId "24675857"]
[BlackFideId "24630330"]
[EventCountry "GER"]
[EventRounds "11"]
[EventType "swiss"]
[EventDate "2005.05.15"]

1. e4 e5 2. Nf3 Nf6 3. Nc3 Nc6 4. d4 exd4 5. Nxd4 Bb4 6. Nxc6 bxc6 7. Bd3 O-O
8. O-O d5 9. exd5 cxd5 10. Bg5 Bb7 11. Qf3 Be7 12. Qh3 Ne4 13. Bxe7 Qxe7 14.
Rfe1 Qb4 15. Bxe4 dxe4 16. Rab1 f5 17. Ne2 f4 18. Qb3+ Qxb3 19. cxb3 Rad8 20.
Rbd1 Rd6 21. Nc3 Rfd8 22. h3 Rxd1 23. Rxd1 Rxd1+ 24. Nxd1 Kf7 25. Kf1 Kf6 26.
g3 fxg3 27. fxg3 Ke5 28. Ke2 Kd4 29. Kd2 Bc8 30. h4 g6 31. Ne3 Bb7 32. Nc2+ Ke5
33. Ke3 Kf5 34. Kf2 Ke5 35. Ke3 c5 1/2-1/2

[Event "DEM U12 2005"]
[Site "Willingen GER"]
[Date "2005.05.15"]
[Round "2"]
[White "Schiffner, Kevin"]
[Black "Zimmerer, Leah"]
[Result "1-0"]
[Termination "normal"]
[Board "37"]
[WhiteElo "1429"]
[BlackElo "1243"]
[PlyCount "97"]
[WhiteFideId "24674940"]
[BlackFideId "4620240"]
[EventCountry "GER"]
[EventRounds "11"]
[EventType "swiss"]
[EventDate "2005.05.15"]

1. d4 f5 2. c4 e6 3. Nc3 Bb4 4. Bd2 Bxc3 5. Bxc3 Nf6 6. Nf3 d6 7. e3 Nbd7 8.
Bd3 g6 9. O-O b6 10. b4 Bb7 11. Rb1 Ne4 12. Bxe4 fxe4 13. Nd2 Nf6 14. a4 a6 15.
Qc2 O-O 16. c5 d5 17. b5 axb5 18. axb5 Rc8 19. Bb4 Rf7 20. Ra1 Qe8 21. c6 Ba8
22. Ra7 e5 23. dxe5 Qxe5 24. Qa2 Ng4 25. g3 Qf5 26. Rxa8 Rxa8 27. Qxa8+ Kg7 28.
Qa1+ Kg8 29. Qe1 Ne5 30. Qe2 Nf3+ 31. Kg2 Qg4 32. Ra1 Nh4+ 33. Kf1 Nf3 34. Nxf3
Rxf3 35. Ra8+ Kg7 36. Qb2+ Kh6 37. Bf8+ Kh5 38. Qg7 Qg5 39. Qxh7+ Kg4 40. h3+
Kf5 41. Qf7+ Qf6 42. g4+ Kg5 43. Be7 Rxf2+ 44. Ke1 Rf1+ 45. Kd2 Rf2+ 46. Kc1
Rf1+ 47. Kc2 Rf2+ 48. Kb3 Rb2+ 49. Ka3 1-0

[Event "DEM U12 2005"]
[Site "Willingen GER"]
[Date "2005.05.15"]
[Round "2"]
[White "Iwanziw, Niklas"]
[Black "Kormann, Jewgenija"]
[Result "1-0"]
[Termination "normal"]
[Board "38"]
[WhiteElo "1406"]
[BlackElo "1210"]
[PlyCount "73"]
[WhiteFideId "24647101"]
[BlackFideId "24606669"]
[EventCountry "GER"]
[EventRounds "11"]
[EventType "swiss"]
[EventDate "2005.05.15"]

1. d4 c6 2. c4 d5 3. Nc3 Nf6 4. Nf3 g6 5. cxd5 Nxd5 6. e4 Nxc3 7. bxc3 Bg7 8.
Bc4 O-O 9. O-O c5 10. Ba3 b6 11. Bd5 Nc6 12. Bxc6 Rb8 13. Qc2 e6 14. dxc5 b5
15. Rab1 a6 16. c4 Qc7 17. cxb5 axb5 18. Bxb5 Qa5 19. Qa4 Qxa4 20. Bxa4 Ra8 21.
Rb4 Ba6 22. Rd1 Be2 23. Rd6 Bc3 24. Rb3 Rxa4 25. Rxc3 Rfa8 26. Bc1 Kg7 27. a3
Rc8 28. Bb2 Kh6 29. Nd4 Bd1 30. Rh3+ Kg5 31. Rxh7 Rxc5 32. Nxe6+ fxe6 33. Rxd1
Rxe4 34. f4+ Kxf4 35. Rh4+ Kf5 36. Rf1+ Kg5 37. Bf6# 1-0

[Event "DEM U12 2005"]
[Site "Willingen GER"]
[Date "2005.05.15"]
[Round "2"]
[White "Saak, Saskia"]
[Black "Meyer, Stephan"]
[Result "0-1"]
[Termination "normal"]
[Board "39"]
[WhiteElo "1167"]
[BlackElo "1395"]
[PlyCount "44"]
[EventCountry "GER"]
[EventRounds "11"]
[EventType "swiss"]
[EventDate "2005.05.15"]

1. e4 c5 2. Nf3 Nc6 3. d4 cxd4 4. Nxd4 Nf6 5. Nc3 e6 6. Nxc6 bxc6 7. e5 Nd5 8.
Bd2 d6 9. exd6 Bxd6 10. Be2 O-O 11. Bf3 Qb6 12. b3 Ba6 13. Na4 Qc7 14. c4 Nb4
15. Be2 c5 16. g3 Bb7 17. O-O Rfd8 18. Bc3 Bxg3 19. hxg3 Rxd1 20. Rfxd1 Qc6 21.
f3 Qc7 22. Kg2 Nc2 0-1

[Event "DEM U12 2005"]
[Site "Willingen GER"]
[Date "2005.05.15"]
[Round "2"]
[White "Lebek, Ricarda"]
[Black "Falke, Cynthia"]
[Result "1-0"]
[Termination "normal"]
[Board "40"]
[WhiteElo "1394"]
[BlackElo "1190"]
[PlyCount "47"]
[WhiteFideId "4624688"]
[BlackFideId "24600644"]
[EventCountry "GER"]
[EventRounds "11"]
[EventType "swiss"]
[EventDate "2005.05.15"]

1. e4 e5 2. Nf3 Nc6 3. d4 exd4 4. Nxd4 Bc5 5. Be3 Qf6 6. c3 Nge7 7. Nc2 Bxe3 8.
Nxe3 d6 9. Nd2 Bd7 10. g3 O-O-O 11. Bg2 Be6 12. O-O d5 13. exd5 Nxd5 14. Re1
Rd7 15. Nxd5 Bxd5 16. Bh3 Be6 17. Bxe6 fxe6 18. Qe2 Rhd8 19. Nb3 Rf8 20. Nc5
Re7 21. Rad1 Rfe8 22. Qb5 Na5 23. Qxa5 c6 24. Qxa7 1-0

[Event "DEM U12 2005"]
[Site "Willingen GER"]
[Date "2005.05.15"]
[Round "2"]
[White "Dilz, Jasmin"]
[Black "Lindner, Robert"]
[Result "1/2-1/2"]
[Termination "normal"]
[Board "41"]
[WhiteElo "1138"]
[BlackElo "1391"]
[PlyCount "101"]
[BlackFideId "24658847"]
[EventCountry "GER"]
[EventRounds "11"]
[EventType "swiss"]
[EventDate "2005.05.15"]

1. e4 e6 2. d4 d5 3. exd5 exd5 4. Bd3 Bd6 5. c3 Nc6 6. Ne2 Nge7 7. O-O Bg4 8.
f3 Bh5 9. Bf4 Bg6 10. Bg3 Qd7 11. Re1 O-O-O 12. Qc2 f5 13. f4 h6 14. Nd2 Bh7
15. Bh4 Rdg8 16. Bxe7 Nxe7 17. Nf3 g5 18. fxg5 hxg5 19. Ng3 f4 20. Bxh7 fxg3
21. Bxg8 gxh2+ 22. Kh1 Nxg8 23. Ne5 Bxe5 24. Rxe5 Nf6 25. Qf5 Ne4 26. Qxd7+
Kxd7 27. Rxe4 dxe4 28. Re1 g4 29. Rxe4 g3 30. Rg4 Rf8 31. Rxg3 Rf2 32. b3 Rxa2
33. Kxh2 Rb2 34. c4 Rd2 35. d5 Rd4 36. Kh3 Re4 37. Rf3 Re8 38. g4 Rg8 39. Rg3
Rg7 40. g5 Ke7 41. Kh4 Kf7 42. Kg4 Kg6 43. Re3 Rf7 44. Re6+ Kg7 45. g6 Rd7 46.
Kg5 a6 47. Kf5 Kh6 48. Kf6 a5 49. Re7 Rd6+ 50. Re6 Rd7 51. d6 1/2-1/2

[Event "DEM U12 2005"]
[Site "Willingen GER"]
[Date "2005.05.15"]
[Round "2"]
[White "Schätz, Annika"]
[Black "Weißenburg, Isabel"]
[Result "1/2-1/2"]
[Termination "normal"]
[Board "42"]
[WhiteElo "1386"]
[BlackElo "1146"]
[PlyCount "95"]
[WhiteFideId "24674796"]
[BlackFideId "4612922"]
[EventCountry "GER"]
[EventRounds "11"]
[EventType "swiss"]
[EventDate "2005.05.15"]

1. e4 c5 2. Nf3 d6 3. d4 cxd4 4. Nxd4 Nf6 5. Nc3 a6 6. Bg5 e6 7. f4 Be7 8. Qf3
e5 9. Bxf6 Bxf6 10. Nde2 Nd7 11. f5 b5 12. O-O-O Nc5 13. g4 Bb7 14. Ng3 Rc8 15.
Kb1 Qc7 16. Bd3 Bg5 17. h4 Bf4 18. Nh5 Rg8 19. g5 b4 20. Ne2 a5 21. Nhxf4 exf4
22. Nxf4 a4 23. g6 hxg6 24. fxg6 f6 25. Nd5 Qc6 26. Qe2 Ba6 27. Nxb4 Bxd3 28.
Nxc6 Bxe2 29. Rxd6 Nxe4 30. Re6+ Kd7 31. Rxe4 Bf3 32. Rd4+ Kxc6 33. Re1 Rge8
34. Rf1 Re3 35. Rxa4 Rce8 36. b3 R8e4 37. Rxe4 Bxe4 38. a4 Rf3 39. Rxf3 Bxf3
40. Kb2 f5 41. c4 f4 42. Kc3 Be4 43. Kd2 f3 44. b4 Bxg6 45. Ke3 Be4 46. h5 Kb6
47. Kf2 Kc6 48. Ke3 1/2-1/2

[Event "DEM U12 2005"]
[Site "Willingen GER"]
[Date "2005.05.15"]
[Round "2"]
[White "Rau, Carla"]
[Black "Kammrad, Carolin"]
[Result "0-1"]
[Termination "normal"]
[Board "43"]
[WhiteElo "1063"]
[BlackElo "1385"]
[PlyCount "74"]
[EventCountry "GER"]
[EventRounds "11"]
[EventType "swiss"]
[EventDate "2005.05.15"]

1. d4 d5 2. Nf3 Nc6 3. Bf4 Bf5 4. e3 a6 5. Nc3 Nf6 6. Bd3 Bg6 7. Bxg6 hxg6 8.
Ne5 Nh5 9. O-O e6 10. Qf3 Nxf4 11. Qxf4 Nxe5 12. dxe5 f6 13. Rad1 g5 14. Qg4
Qd7 15. h3 O-O-O 16. Rfe1 Be7 17. f4 f5 18. Qg3 gxf4 19. Qxf4 g5 20. Qf3 g4 21.
hxg4 fxg4 22. Qxg4 Rdg8 23. Qf3 Bh4 24. Re2 Qh7 25. Qh3 Rg6 26. Red2 Rh6 27.
Kf1 Rf8+ 28. Ke2 Rf2+ 29. Ke1 Rf3+ 30. g3 Bxg3+ 31. Ke2 Rf2+ 32. Ke1 Rxh3 33.
Rxf2 Bxf2+ 34. Kxf2 Qf5+ 35. Kg2 Qf3+ 36. Kg1 Rg3+ 37. Kh2 Qg2# 0-1

[Event "DEM U12 2005"]
[Site "Willingen GER"]
[Date "2005.05.15"]
[Round "2"]
[White "Lauer, Florian"]
[Black "Weber, Max"]
[Result "0-1"]
[Termination "normal"]
[Board "44"]
[WhiteElo "1382"]
[BlackElo "1128"]
[PlyCount "120"]
[WhiteFideId "12910074"]
[BlackFideId "4624831"]
[EventCountry "GER"]
[EventRounds "11"]
[EventType "swiss"]
[EventDate "2005.05.15"]

1. e4 d5 2. exd5 Qxd5 3. Nc3 Qa5 4. Nf3 Bg4 5. Bc4 e6 6. h3 Bh5 7. d3 Bb4 8.
Bd2 Nf6 9. a3 Bxc3 10. Bxc3 Qb6 11. g4 Bg6 12. Qd2 Nc6 13. O-O-O O-O-O 14. Qe2
Rhg8 15. Nh4 Nd5 16. Bxd5 exd5 17. Nxg6 hxg6 18. f4 Rde8 19. Qf3 Qe3+ 20. Qxe3
Rxe3 21. Rde1 Rf3 22. Ref1 Rxf1+ 23. Rxf1 d4 24. Bd2 Rh8 25. Rh1 Kd7 26. c3 Kd6
27. b4 Kd5 28. Kc2 f6 29. g5 b6 30. h4 dxc3 31. Bxc3 Nd4+ 32. Kd2 fxg5 33. fxg5
Rxh4 34. Rxh4 Nf3+ 35. Ke3 Nxh4 36. Bxg7 Nf5+ 37. Kf4 Nxg7 38. Ke3 Ne6 39. a4
Nxg5 40. Kf4 Ne6+ 41. Ke3 Ke5 42. a5 bxa5 43. bxa5 g5 44. a6 Kf5 45. d4 g4 46.
d5 Nf4 47. d6 cxd6 48. Kf2 d5 49. Ke1 d4 50. Kd1 g3 51. Ke1 g2 52. Kf2 d3 53.
Ke1 g1=Q+ 54. Kd2 Qf2+ 55. Kc3 d2 56. Kb4 d1=Q 57. Ka3 Qd3+ 58. Kb4 Qfd4+ 59.
Ka5 Qa3+ 60. Kb5 Qd5# 0-1

[Event "DEM U12 2005"]
[Site "Willingen GER"]
[Date "2005.05.15"]
[Round "2"]
[White "Thiele, Eileen"]
[Black "Riabov, Igor"]
[Result "0-1"]
[Termination "normal"]
[Board "45"]
[WhiteElo "929"]
[BlackElo "1380"]
[PlyCount "94"]
[EventCountry "GER"]
[EventRounds "11"]
[EventType "swiss"]
[EventDate "2005.05.15"]

1. e4 e6 2. d4 d5 3. exd5 exd5 4. Nf3 Bd6 5. c4 c6 6. Qe2+ Ne7 7. Be3 O-O 8.
Nc3 Bf5 9. h3 Re8 10. g4 Bg6 11. Bg2 dxc4 12. Qxc4 Qc7 13. Rc1 Nd7 14. Ne2 Nd5
15. Bd2 N7b6 16. Qb3 Bf4 17. a3 Qe7 18. Nfg1 Be4 19. Kd1 Bxg2 20. Nxf4 Bxh1 21.
f3 Nxf4 22. Bxf4 Nd5 23. Bd2 Ne3+ 24. Bxe3 Qxe3 25. Qxe3 Rxe3 26. f4 Rae8 27.
Kd2 Bd5 28. h4 Rg3 29. Ne2 Rg2 30. Kc3 Rexe2 31. b4 Be4 32. g5 Rc2+ 33. Rxc2
Rxc2+ 34. Kb3 Rf2 35. Kc3 Rxf4 36. h5 Rf5 37. Kb3 Rxg5 38. Kb2 Rxh5 39. Kb3 f5
40. Kc3 f4 41. Kd2 f3 42. Ke3 Bd5 43. Kf2 g5 44. Ke3 Rh2 45. a4 f2 46. a5 f1=Q
47. b5 Qf3# 0-1